| 000 | 02020nam a2200457 c 4500 | ||
|---|---|---|---|
| 999 |
_c392537 _d392537 |
||
| 003 | BLK | ||
| 005 | 20230203174623.0 | ||
| 008 | 180411b bul|||||r ||||||| ||bul|| | ||
| 010 | _aKNG00195149000 | ||
| 020 | _a9786197419214 | ||
| 040 | _aBLK | ||
| 041 |
_aBUL _cBUL |
||
| 072 | 7 |
_2bullib _aН83 _xЧужда художествена литература Н |
|
| 080 |
_aАнглийска литература _b821.111 _x-94 _z821.111-94 |
||
| 080 |
_aДруги видове песни. Изпълнители _b784.7.071.2 _x(410)(092)(0:82-9) _z784.7.071.2(410)(092)(0:82-9) |
||
| 100 |
_aХалфорд, Роб _eпърви автор _91299 |
||
| 139 |
_aХалфорд, Роб _bХ 23 |
||
| 245 | 1 | 0 |
_aИзповед _bАвтобиография _cРоб Халфорд, Иън Гитинс; прев. Сибин Майналовски |
| 257 | _aGBR | ||
| 260 |
_bHybrid Books _c2020 _9221582 _aСофия |
||
| 300 |
_a375 с. _c23 см |
||
| 380 | _aX | ||
| 650 | 4 |
_aРокмузика - изпълнители _9283474 |
|
| 650 | 4 |
_aПевци, английски _9331994 |
|
| 650 | 4 |
_aРокмузика, английска _9270444 |
|
| 651 | 4 |
_aВеликобритания _9178698 |
|
| 700 |
_aМайноловски, Сибин _eпрев. от англ. _9261776 |
||
| 852 |
_bП _c821-9/Х 23 Р |
||
| 852 |
_aЦб 307052 _bЦб |
||
| 856 | 4 | _qpdf | |
| 856 | 4 | _qpdf | |
| 942 |
_cKNG _n0 _017 _s1 |
||
| 944 |
_aCR _c03.11.2016 _lф / _kВиолета_Тройчева |
||
| 944 |
_aED _c09.12.2016 _lф / _kЛюдмила_Стоянова |
||
| 999 | _d392537 | ||
| 999 | _d392537 | ||
| 999 | _d186155 | ||